LIBRARY & INFORMATION CENTRE, KCAET, TAVANUR

ONLINE PUBLIC ACCESS CATALOGUE (OPAC)

Examples in Technical Drawing / (Record no. 1436)

MARC details
000 -LEADER
fixed length control field 00439cam a2200181ua 4500
041 ## - LANGUAGE CODE
Language code of text/sound track or separate title eng
082 ## - DEWEY DECIMAL CLASSIFICATION NUMBER
Classification number 604.2
Item number FOR/EX
100 ## - MAIN ENTRY--AUTHOR NAME
Personal name Forbes, Raymonds .
245 ## - TITLE STATEMENT
Title Examples in Technical Drawing /
250 ## - EDITION STATEMENT
Edition statement 1 /
260 ## - PUBLICATION, DISTRIBUTION, ETC. (IMPRINT)
Place of publication London :
Name of publisher B.T.Batsford Ltd ,
Year of publication 1958.
300 ## - PHYSICAL DESCRIPTION
Number of Pages 96 ; .
942 ## - ADDED ENTRY ELEMENTS (KOHA)
Koha item type Books
Holdings
Withdrawn status Lost status Damaged status Home library Current library Date acquired Full call number Accession Number Koha item type
      KAUAET KAUAET 07/04/2012 604.2 12230 Books
free website counter